000 00455nam a2200181Ia 4500
008 240925s9999 xx 000 0 und d
020 _a9780007395163
082 _a823.8 HAR
100 _aHardy, Thomas
245 0 _aFar From the Madding Crowd
250 _a1st
260 _alondon:
_bHarper Collins pub
_c,2010.
300 _a368p.
_bNA
_fOriginal
500 _aNA
600 _aHumanities & Natural Science
650 _aLiterature
942 _cBK
999 _c14217
_d14217